000 00227nam a22000857a 4500
999 _c2821
_d2821
008 160817b xxu||||| |||| 00| 0 eng d
020 _a9789381868034
100 _9163
_aMalik A
245 _aRules of Games & Sports
260 _aNew Delhi
_bPrerna publication
_c2012